| 000 | 00436nam a22001697a 4500 | ||
|---|---|---|---|
| 999 |
_c17862 _d17862 |
||
| 008 | 190730b xxu||||| |||| 00| 0 eng d | ||
| 020 | _a0335208010 | ||
| 050 |
_aRC489 _b.F74 2002 c.1 |
||
| 100 | _aFreshwater, Dawn | ||
| 245 |
_aEmotions and Needs _cDawn Freshwater |
||
| 260 |
_aPhiladelphia _bOUP _c2002 |
||
| 300 | _axii, 148p. | ||
| 650 | _aEmotions | ||
| 650 | _aPsychotherapy | ||
| 700 | _aChris Robertson | ||
| 942 |
_2lcc _cBK |
||